000 00402nab a2200145Ia 4500
003 ES-SlBCS
005 20210601124258.0
008 140529s1954 xxu||||| |||| 00| 0 eng d
041 _aeng
100 1 _aDonahue, Matthew
_9138984
245 0 0 _aSigns for Our Times
_c Matthew Donahue
650 0 4 _aSamaritano
_9138989
773 0 _tDominicana
_gvol. 39, nº. 1, 1954, págs. 13-20
_wRev1398
942 _cAR
999 _c512205
_d512205